| 000 | 00515nam a2200193Ia 4500 | ||
|---|---|---|---|
| 999 |
_c5240 _d5240 |
||
| 008 | 200103s 1978 ||||xx |||||||||||||| ||und|| | ||
| 082 |
_a623.89 _bSUB |
||
| 100 | _aSubramaniam, H. | ||
| 245 | 0 | _aPractical navigation | |
| 250 | _a2nd | ||
| 260 |
_bVijaya Publications _c1978 _aMumbai |
||
| 300 | _a173 p.: ill. | ||
| 440 | _aNutshell Series Book 1 | ||
| 504 | _aIncludes exercises | ||
| 650 | _aTerrestrial references | ||
| 650 | _aCelestial references | ||
| 650 | _aChronometer time | ||
| 942 | _cBK | ||